<?xml version="1.0" encoding="UTF-8"?>
<record
    xmlns:xsi="http://www.w3.org/2001/XMLSchema-instance"
    xsi:schemaLocation="http://www.loc.gov/MARC21/slim http://www.loc.gov/standards/marcxml/schema/MARC21slim.xsd"
    xmlns="http://www.loc.gov/MARC21/slim">

  <leader>01190nam0a2200289   4500</leader>
  <controlfield tag="001">RU\NLR\bibl\1673152</controlfield>
  <controlfield tag="005">20250616045130.0</controlfield>
  <datafield tag="010" ind1=" " ind2=" ">
    <subfield code="a">978-5-367-01405-1</subfield>
    <subfield code="9">2000</subfield>
  </datafield>
  <datafield tag="021" ind1=" " ind2=" ">
    <subfield code="a">RU</subfield>
    <subfield code="b">2010-58909</subfield>
    <subfield code="9">3855</subfield>
  </datafield>
  <datafield tag="035" ind1=" " ind2=" ">
    <subfield code="a">(NLR Aleph) 001664395</subfield>
  </datafield>
  <datafield tag="090" ind1=" " ind2=" ">
    <subfield code="a">1001842</subfield>
    <subfield code="c">1001842</subfield>
  </datafield>
  <datafield tag="100" ind1=" " ind2=" ">
    <subfield code="a">20100910d2010    |||y0rusy50      ca</subfield>
  </datafield>
  <datafield tag="101" ind1="1" ind2=" ">
    <subfield code="a">rus</subfield>
    <subfield code="c">scc</subfield>
  </datafield>
  <datafield tag="102" ind1=" " ind2=" ">
    <subfield code="a">RU</subfield>
  </datafield>
  <datafield tag="105" ind1=" " ind2=" ">
    <subfield code="a">y   |||||||||</subfield>
  </datafield>
  <datafield tag="200" ind1="1" ind2=" ">
    <subfield code="a">&#x420;&#x430;&#x437;&#x43B;&#x438;&#x447;&#x438;&#x44F;</subfield>
    <subfield code="e">[&#x440;&#x430;&#x441;&#x441;&#x43A;&#x430;&#x437;&#x44B;]</subfield>
    <subfield code="f">&#x413;&#x43E;&#x440;&#x430;&#x43D; &#x41F;&#x435;&#x442;&#x440;&#x43E;&#x432;&#x438;&#x447;</subfield>
    <subfield code="g">[&#x43F;&#x435;&#x440;. &#x441; &#x441;&#x435;&#x440;&#x431;.: &#x41B;. &#x421;&#x430;&#x432;&#x435;&#x43B;&#x44C;&#x435;&#x432;&#x430;]</subfield>
  </datafield>
  <datafield tag="210" ind1=" " ind2=" ">
    <subfield code="a">&#x421;&#x430;&#x43D;&#x43A;&#x442;-&#x41F;&#x435;&#x442;&#x435;&#x440;&#x431;&#x443;&#x440;&#x433;</subfield>
    <subfield code="c">&#x410;&#x43C;&#x444;&#x43E;&#x440;&#x430;</subfield>
    <subfield code="d">2010</subfield>
  </datafield>
  <datafield tag="215" ind1=" " ind2=" ">
    <subfield code="a">253, [2] &#x441;.</subfield>
    <subfield code="d">19</subfield>
  </datafield>
  <datafield tag="327" ind1="1" ind2=" ">
    <subfield code="a">&#x421;&#x43E;&#x434;&#x435;&#x440;&#x436;.: &#x41D;&#x430;&#x439;&#x434;&#x438; &#x438; &#x43E;&#x431;&#x432;&#x435;&#x434;&#x438;; &#x41F;&#x43E;&#x441;&#x43B;&#x435;&#x434;&#x43D;&#x438;&#x439; &#x43A;&#x438;&#x43D;&#x43E;&#x441;&#x435;&#x430;&#x43D;&#x441;; &#x41D;&#x430;&#x434; &#x43F;&#x44F;&#x442;&#x44C;&#x44E; &#x43F;&#x43E;&#x442;&#x440;&#x435;&#x441;&#x43A;&#x430;&#x432;&#x448;&#x438;&#x43C;&#x438;&#x441;&#x44F; &#x446;&#x432;&#x435;&#x442;&#x43E;&#x447;&#x43D;&#x44B;&#x43C;&#x438; &#x433;&#x43E;&#x440;&#x448;&#x43A;&#x430;&#x43C;&#x438;; &#x411;&#x43E;&#x433;&#x43E;&#x440;&#x43E;&#x434;&#x438;&#x446;&#x430; &#x438; &#x434;&#x440;&#x443;&#x433;&#x438;&#x435; &#x432;&#x438;&#x434;&#x435;&#x43D;&#x438;&#x44F;; &#x41C;&#x435;&#x436;&#x434;&#x443; &#x434;&#x432;&#x443;&#x43C;&#x44F; &#x441;&#x438;&#x433;&#x43D;&#x430;&#x43B;&#x430;&#x43C;&#x438;</subfield>
  </datafield>
  <datafield tag="686" ind1=" " ind2=" ">
    <subfield code="a">&#x428;6(4&#x42E;)417.7-440.5{&#x41B;&#x445;1199-80}</subfield>
  </datafield>
  <datafield tag="700" ind1=" " ind2="1">
    <subfield code="4">070</subfield>
    <subfield code="7">ca</subfield>
    <subfield code="8">rus</subfield>
    <subfield code="a">&#x41F;&#x435;&#x442;&#x440;&#x43E;&#x432;&#x438;&#x447;</subfield>
    <subfield code="b">&#x413;.</subfield>
    <subfield code="f">1961-2024</subfield>
    <subfield code="g">&#x413;&#x43E;&#x440;&#x430;&#x43D;</subfield>
    <subfield code="9">2642037</subfield>
    <subfield code="3">RU\NLR\AUTH\770272228</subfield>
  </datafield>
  <datafield tag="801" ind1=" " ind2="0">
    <subfield code="a">RU</subfield>
    <subfield code="b">NLR</subfield>
    <subfield code="c">20100910</subfield>
    <subfield code="g">RCR</subfield>
  </datafield>
  <datafield tag="801" ind1=" " ind2="1">
    <subfield code="a">RU</subfield>
    <subfield code="b">NLR</subfield>
    <subfield code="c">20100910</subfield>
  </datafield>
  <datafield tag="830" ind1=" " ind2=" ">
    <subfield code="a">&#x43F;&#x43E; &#x44D;&#x43A;</subfield>
  </datafield>
  <datafield tag="942" ind1=" " ind2=" ">
    <subfield code="c">BOOK</subfield>
  </datafield>
  <datafield tag="980" ind1=" " ind2=" ">
    <subfield code="a">NB</subfield>
  </datafield>
  <datafield tag="995" ind1=" " ind2=" ">
    <subfield code="5">2010-09-10</subfield>
    <subfield code="a">ad</subfield>
    <subfield code="b">NLR01</subfield>
    <subfield code="c">NLR01</subfield>
    <subfield code="e">RF8</subfield>
    <subfield code="f">3245887</subfield>
    <subfield code="k">2010-3/30224</subfield>
    <subfield code="o">0</subfield>
    <subfield code="r">BOOK</subfield>
    <subfield code="s">2010330224_</subfield>
  </datafield>
  <datafield tag="995" ind1=" " ind2=" ">
    <subfield code="5">2010-09-17</subfield>
    <subfield code="a">ad</subfield>
    <subfield code="b">NLR01</subfield>
    <subfield code="c">NLR01</subfield>
    <subfield code="e">RF8</subfield>
    <subfield code="f">3249831</subfield>
    <subfield code="k">2010-3/30224</subfield>
    <subfield code="o">0</subfield>
    <subfield code="r">BOOK</subfield>
    <subfield code="s">2010330224_</subfield>
  </datafield>
</record>
